LIBRARY & INFORMATION CENTRE, KCAET, TAVANUR

ONLINE PUBLIC ACCESS CATALOGUE (OPAC)

Performance and design of direct current mechanics (Record no. 16447)

MARC details
000 -LEADER
fixed length control field 00324nam a22001217a 4500
003 - CONTROL NUMBER IDENTIFIER
control field OSt
008 - FIXED-LENGTH DATA ELEMENTS--GENERAL INFORMATION
fixed length control field 210113b ||||| |||| 00| 0 eng d
082 ## - DEWEY DECIMAL CLASSIFICATION NUMBER
Classification number 621.3132
Item number CLA/PE
100 ## - MAIN ENTRY--AUTHOR NAME
Personal name Clayton, Albert. E .
245 ## - TITLE STATEMENT
Title Performance and design of direct current mechanics
700 ## - ADDED ENTRY--PERSONAL NAME
Personal name Hancooks, N. N
942 ## - ADDED ENTRY ELEMENTS (KOHA)
Koha item type Books
Holdings
Withdrawn status Lost status Damaged status Home library Current library Date acquired Full call number Accession Number Koha item type
      KAUAET KAUAET 13/01/2021 621.3132 CLA/PE 780 Books
free website counter